|
|
|
|
| LEADER |
00000naa2a2200000 4500 |
| 001 |
208177 |
| 005 |
20231031191404.0 |
| 035 |
|
|
|a (RuTPU)RU\TPU\book\227240
|
| 035 |
|
|
|a RU\TPU\book\227237
|
| 090 |
|
|
|a 208177
|
| 100 |
|
|
|a 20120201d1973 k y0rusy50 ca
|
| 101 |
0 |
|
|a rus
|
| 102 |
|
|
|a RU
|
| 200 |
1 |
|
|a Фотометрические характеристики импульсной лампы ИШО-1 в различных режимах
|f А. С. Дойников, В. К. Пахомов
|
| 225 |
1 |
|
|a Фотометрическое и спектрофотометрическое исследование импульсных источников света
|
| 320 |
|
|
|a Библиогр.: с. 99 (2 назв.)
|
| 461 |
|
0 |
|0 (RuTPU)RU\TPU\book\226521
|t Импульсная фотометрия
|o [сборник статей]
|f Государственный оптический институт им. С. И. Вавилова ; под ред. А. А. Волькенштейна
|d 1969-
|
| 463 |
|
0 |
|0 (RuTPU)RU\TPU\book\226899
|t Вып. 3
|v С. 97-99
|d 1973
|p 192 с.
|
| 700 |
|
1 |
|a Дойников
|b А. С.
|
| 701 |
|
1 |
|a Пахомов
|b В. К.
|
| 801 |
|
1 |
|a RU
|b 63413507
|c 20120131
|
| 801 |
|
2 |
|a RU
|b 63413507
|c 20120201
|g RCR
|
| 942 |
|
|
|c BK
|